| 000 | 00659nam a2200241Ia 4500 | ||
|---|---|---|---|
| 003 | OSt | ||
| 005 | 20220918175945.0 | ||
| 006 | a|||||r|||| 00| 0 | ||
| 007 | ta | ||
| 008 | 220917b |||||||| |||| 00| 0 eng d | ||
| 024 | _a19,959 | ||
| 037 | _cTextual | ||
| 040 |
_aARTS _cARTS _beng |
||
| 041 |
_2eng _aeng |
||
| 082 | _aO111,1:gL, K2 | ||
| 100 |
_aBlackstone Bernard _911515 |
||
| 245 | 0 |
_aLost travellers _b a romantic theme with variations |
|
| 260 |
_aLondon _bLongmans _c1962 |
||
| 300 |
_a291p. _ccm. |
||
| 650 | _aENGLISH LITERATURE | ||
| 942 |
_hO111,1:gL, K2 _cTEXL _2CC |
||
| 999 |
_c159754 _d159754 |
||